Top 100 Airline Carriers by Code - Statistics

General Stats
  • This quiz has been taken 32 times
  • The average score is 18 of 100
Answer Stats
Hint Answer % Correct
AA American Airlines
94%
UA United Airlines
94%
DL Delta Air Lines
88%
WN Southwest Airlines
65%
LH Lufthansa
53%
AF Air France
47%
NZ Air New Zealand
47%
BA British Airways
47%
QF Qantas
47%
AC Air Canada
41%
EK Emirates
41%
SQ Singapore Airlines
41%
CA Air China
35%
AI Air India
35%
AS Alaska Airlines
35%
EY Etihad Airways
35%
JL Japan Airlines
35%
KL KLM
35%
TK Turkish AIrlines
35%
NH ANA
29%
AV AVIANCA
29%
MU China Eastern Airlines
29%
IB Iberia
29%
B6 JetBlue Airways
29%
MH Malaysia Airlines
29%
QR Qatar Airways
29%
FR Ryanair
29%
LX SWISS
29%
SU Aeroflot
24%
OS Austrian Airlines
24%
CZ China Southern Airlines
24%
ET Ethiopian Airlines
24%
HU Hainan Airlnes
24%
HA Hawaiian Airlines
24%
KE Korean Air
24%
S7 S7 Airlines
24%
SK SAS
24%
SV Saudia
24%
VN Vietnam Airlines
24%
EI Aer Lingus
18%
AK AirAsia
18%
CX Cathay Pacific
18%
U2 easyJet
18%
EW Eurowings
18%
F9 Frontier Airlines
18%
GA Garuda Indonesia
18%
JQ Jetstar
18%
PR Philippine Airlines
18%
3U Sichuan Airlines
18%
NK Spirit Airlines
18%
TG Thai Airways International
18%
AM Aeromexico
12%
6E IndiGo
12%
VA Virgin Australia
12%
VY Vueling
12%
WS WestJet
12%
W6 Wizz Air
12%
MF Xiamen Airlines
12%
A3 Aegean Airlines
6%
G4 Allegiant Air
6%
LA LATAM Airlines
6%
SC Shandong Airlines
6%
ZH Shenzhen Airlines
6%
9C Spring Airlines
6%
WF Wideroe
6%
IX Air India Express
0%
4Z Airlink
0%
VF AJet
0%
AD Azul
0%
ID Batik Air
0%
JD Beijing Capital Airlines
0%
NT Binter Canarias
0%
9K Cape Air
0%
5J Cebu Pacific Air
0%
EU Chengdu Airlines
0%
KN China United Airlines
0%
CM Copa Airlines
0%
FZ Flydubai
0%
XY Flynas
0%
G5 Gestair
0%
G3 Gol
0%
JC Jeju Air
0%
LS Jet2
0%
HO Juneyao Airlines
0%
JT Lion Air
0%
GJ Loong Air
0%
8L Lucky Air
0%
PC Pegasus
0%
DP Pobeda
0%
PD Porter Airlines
0%
FM Shanghai Airlines
0%
XQ SunExpress
0%
IU Super Air Jet
0%
FD Thai AirAsia
0%
GS Tianjin Airlines
0%
TV Tibet Airlines
0%
VJ VietJet Air
0%
VB VivaAerobus
0%
Y4 Volaris
0%
W4 Wizz Air Malta
0%
No matching quizzes found
Score Distribution
Percent of People with Each Score
Percentile by Number Answered
Your Score History
You have not taken this quiz